| 000 | 00611nam a2200181 a 4500 | ||
|---|---|---|---|
| 005 | 20251205063951.0 | ||
| 008 | 991125s1986 mx 000 0 spa u | ||
| 035 | _aUPN01000014476 | ||
| 049 | _aF | ||
| 050 | 4 |
_aLB1025 _bD5 no.29 |
|
| 100 | 1 |
_aArgudín, Yolanda _928744 |
|
| 245 | 1 | 0 |
_aDescripción de una posibilidad para dar un curso basándose en los lineamientos de la escuela nueva / _cYolanda Argudín. |
| 260 |
_aMéxico : _bUniversidad Iberoamericana, Centro de Didáctica, _c1986. |
||
| 300 | _a5 p. | ||
| 440 | 0 |
_aDIDAC. _pBoletín ; _v29 |
|
| 650 | 4 |
_aEnseñanza _vColecciones _921467 |
|
| 905 | _aLibro | ||
| 999 |
_c14476 _d14476 |
||